Pronombres personales - Estadísticas

Estadísticas generales
  • Esta prueba ha sido intentada 4.104 veces
  • La puntuación promedio es 16 de 31
Estadísticas de respuestas
Pronombre % Correcto
él
97%
94%
ella
91%
yo
89%
nos
89%
ello
87%
vos
86%
nosotros
81%
vosotros
78%
ellas
69%
ellos
68%
64%
la
55%
lo
51%
usted
49%
le
43%
ustedes
42%
se
41%
las
38%
me
37%
los
36%
te
33%
les
27%
nosotras
26%
vosotras
25%
ti
22%
os
20%
15%
conmigo
11%
contigo
11%
consigo
9%
No se encontraron pruebas coincidentes
Distribución de puntuación
Porcentaje de gente con cada puntuación
Porcentaje por número respondido
Historial de tus puntuaciones
No has intentado esta prueba.